000 00684nam a2200253Ia 4500
003 OSt
005 20221005041820.0
006 a|||||r|||| 00| 0
007 ta
008 221004b |||||||| |||| 00| 0 eng d
024 _a88812
037 _cTextual
040 _aCRL
_cCRL
_beng
041 _2eng
_aeng
082 _a2.1k, N1
100 _aSharma S K
245 0 _aWorld acronyms dictionary of library and information science
260 _aDelhi
_bSarita Book House India
_c1991
300 _avii,184p.
_ccm.
650 _aLIBRARY SCIENCE
700 _a Vinod Kumar
942 _h2.1k, N1
_cTEXL
_2cc
999 _c949141
_d949141